000 00613nam a2200229Ia 4500
003 OSt
005 20220924135540.0
006 a|||||r|||| 00| 0
007 ta
008 220923b |||||||| |||| 00| 0 ben d
024 _a291655
037 _cTextual
040 _aARTS
_cARTS
_bben
041 _2ben
_aben
082 _aO157,10V2,2501, 157L7
100 _aGangopadhyay Ed.
_9210477
245 0 _aByanga kabita o gane swadeshikata
260 _c1977
650 _aBENGALI LITERATURE
942 _hO157,10V2,2501, 157L7
_cTEXL
_2CC
999 _c441116
_d441116